|
|
|
|
| LEADER |
00000cam a2200000 a 4500 |
| 001 |
1/115941 |
| 008 |
180220s2017####gr | ||| |||| ||gre|| |
| 020 |
|
|
|a 9789604186594
|
| 040 |
|
|
|a GR-MyUa
|b gre
|c GR-MyUa
|e AACR2
|
| 041 |
0 |
|
|a gre
|
| 082 |
7 |
|
|a 629.895
|2 (23)
|
| 100 |
1 |
|
|a Καλοφωλιάς, Δημήτρης.
|
| 245 |
1 |
2 |
|a Ο προγραμματισμός του μικροελεγκτή AVR ATMega 328 με τη χρήση της πλατφόρμας ARDUINO /
|c Δημήτρης Καλοφωλιάς.
|
| 260 |
|
|
|a Θεσσαλονίκη :
|b Τζιόλα,
|c c2017.
|
| 300 |
|
|
|a 384 σ. :
|b εικ. ;
|c 24 εκ.
|
| 504 |
|
|
|a Βιβλιογραφία: σ. [379]. Ευρετήριο.
|
| 650 |
|
0 |
|a Arduino (Programmable controller)
|
| 650 |
|
0 |
|a Microcontrollers
|x Programming.
|
| 650 |
|
0 |
|a Programmable controllers.
|
| 852 |
|
|
|a INST
|b SAMOS
|c EUDOXUS
|e 20230109
|h 629.895 ΚΑΛ
|p 005300047491
|q 005300047491
|t EDX
|y 0
|
| 852 |
|
|
|a INST
|b SAMOS
|c EUDOXUS
|e 20230109
|h 629.895 ΚΑΛ
|p 005300047492
|q 005300047492
|t EDX
|y 0
|
| 852 |
|
|
|a INST
|b SAMOS
|c EUDOXUS
|e 20230109
|h 629.895 ΚΑΛ
|p 005300047493
|q 005300047493
|t EDX
|y 0
|
| 852 |
|
|
|a INST
|b SYROS
|c EUDOXUS
|e 20180220
|h 629.895 ΚΑΛ
|p 005500013304
|q 005500013304
|t EDX
|y 0
|
| 920 |
|
|
|a Εύδοξος
|b Παραγγελία
|y Σύρος-ΤΜΣΠΣ
|z 2018-01
|
| 920 |
|
|
|a Εύδοξος
|b Παραγγελία
|y Σάμος-ΤΜΠΕΣ
|z 2022-12
|
| 970 |
|
|
|a Κοντού
|b Παρασκευή
|z 20/02/2018
|